MARC

LEADER 00000nam0a2200000 4500
001 273057
005 20231101234608.0
020 |a RU  |b 87-74221 
035 |a (RuTPU)RU\TPU\book\296266 
090 |a 273057 
100 |a 20141023d1987 km y0rusy5003 ca 
101 0 |a rus 
102 |a RU 
105 |a a z 001zy 
200 1 |a Конструктивные способы снижения вибраций фундаментов машин с динамическими нагрузками  |f Н. С. Швец, В. Л. Седин, Ю. А. Киричек 
210 |a Москва  |c Стройиздат  |d 1987 
215 |a 153 с.  |c ил.  |d 20 см 
225 1 |a Наука - строительному производству 
320 |a Библиогр.: с. 152-153 (17 назв.) 
606 1 |a Фундаменты рассчитанные на периодически пульсирующую нагрузку  |2 stltpush  |3 (RuTPU)RU\TPU\subj\17018  |9 42874 
610 1 |a фундаменты под машины 
610 1 |a динамические нагрузки 
610 1 |a колебания 
610 1 |a уменьшение 
610 1 |a конструктивные решения 
610 1 |a вибрации 
610 1 |a снижение 
675 |a 624.159  |z rus  |v 3 
700 1 |a Швец  |b Н. С.  |g Нинель Сергеевна  |4 070 
701 1 |a Седин  |b В. Л.  |g Владимир Леонидович 
701 1 |a Киричек  |b Ю. А.  |g Юрий Александрович 
702 1 |a Седин  |b Владимир Леонидович  |4 070 
702 1 |a Киричек  |b Юрий Александрович  |4 070 
801 0 |a RU  |b RuMRKP  |c 19950417  |g psbo 
801 1 |a RU  |b 63413507  |c 20141023 
801 2 |a RU  |b 63413507  |c 20170320  |g RCR 
942 |c BK